Elektronické hudební nástroje a jejich obvody

Bibliographic Details
Main Author: Sýkora, Rudolf (Author)
Format: Book
Language:Undetermined
PhysicalDescription:434 s.
Published: Praha Státní nakladatelství technické literatury 1981

MARC

LEADER 00000nam a2200000 a 4500
001 vtls001380457
003 SK-MaSNL
005 20260301161353.0
008 240313s1981 xx 0 und
035 |a SNK000334450 
040 |a SNK  |b slo  |c SNK  |e AACR2 
100 1 |a Sýkora, Rudolf  |4 aut  |9 524289 
245 1 |a Elektronické hudební nástroje a jejich obvody 
260 |a Praha  |b Státní nakladatelství technické literatury  |c 1981 
300 |a 434 s. 
958 |a OND 
999 |c 809158  |d 811088 
952 |t P60, <04>, [BOOK], {604}  |a SNK  |b SNK  |y VYP  |7 0  |p 17A0223438  |o snkIC 85373 D1  |0 0  |1 1  |4 0  |d 2000-01-11  |l 0  |r 2005-01-02 00:00:00  |w 2026-02-24 
952 |t P60, <04>, [BOOK], {604}  |a SNK  |b SNK  |y VYP  |7 0  |p 17A0223455  |o snkIC 85373  |0 0  |1 0  |4 0  |d 2000-01-11  |l 0  |r 2005-01-02 00:00:00  |w 2026-02-24